National Defense

Detalles Bibliográficos
Formato: Desconocido
Lenguaje:inglés
Publicado: Nueva York : National Defense Industrial Association
Materias:
Acceso en línea:Acceso restringido

MARC

LEADER 00000ny a22000003n 4500
005 20110511131440.0
008 100225s19uu9999us m 000 a eng d
022 |a 0092-1491 
022 |a 1943-3115 
035 |a 2991 
040 |a BUS  |d vLex 
090 |c 1672  |d 1672 
245 3 |a National Defense  |h [Recurso electrn̤ico] 
256 |a Servicio en ln̕ea. 
260 |a Nueva York :  |b National Defense Industrial Association 
310 |a Mensual 
506 1 |a Contenido solo disponible en los productos indicados  |d vLex Global  |d vLex Global (Academic Edition, excluding Law Schools)  |d vLex Global (Academic Edition, Law Schools) 
650 0 4 |a Aeronùtica  |z Estados Unidos  |x Publicaciones perid̤icas 
650 0 4 |a Poder ejecutivo  |x Publicaciones perid̤icas 
651 4 |a Estados Unidos  |x Defensa nacional 
740 0 |a vLex Revista (Servicios en ln̕ea) 
843 |a Electrn̤ica. Abierta 
853 |8 1  |i (year)  |j (month)  |k (day) 
856 4 0 |z Acceso restringido  |u http://vlex.com/account/login_ip?fuente_id=2991  
942 |c REV